Statistics for Which Country Is This Peninsula In

Click here to take the quiz!

General Stats

  • This quiz has been taken 803 times
    (247 since last reset)
  • The average score is 15 of 16

Answer Stats

PeninsulaCountry% Correct
Italian PeninsulaItaly
100%
FloridaUnited States
100%
KoreaNorth Korea / South Korea
99%
ScandinaviaNorway / Sweden
99%
QatarQatar
99%
ArabiaSaudi Arabia / United Arab Emirates / Yemen / Oman / Qatar / Kuwait
99%
Malay PeninsulaMalaysia
98%
Baja CaliforniaMexico
98%
IberiaSpain / Portugal
96%
Labrador PeninsulaCanada
93%
BrittanyFrance
92%
KamchatkaRussia
91%
JutlandDenmark / Germany
88%
AnatoliaTurkey
85%
Sinai PeninsulaEgypt
83%
Cape PeninsulaSouth Africa
79%

Score Distribution

Percentile by Number Answered

Percent of People with Each Score

Your Score History

You have not taken this quiz since the last reset